Policies and measures leading toward greater diversification of the agricultural economy of the Federation of Malaya : report submitted to the Government of the Federation of Malaya by the survey team provided by the Ford Foundation

Bibliographic Details
Corporate Author: FORD Foundation
Other Authors: Brandt, Efferson, Paarlberg 1911-
Format: Book
Published: Kuala Lumpur : Jabatan Chetak Kerajaan , 1963
Subjects:

MARC

LEADER 00000cam a2200000 7i4500
001 0000001384
005 20010612.0
090 0 0 |a 338.1095951   |b FOR 1963 
110 1 0 |a FORD Foundation 
245 1 0 |a Policies and measures leading toward greater diversification of the agricultural economy of the Federation of Malaya :   |b report submitted to the Government of the Federation of Malaya by the survey team provided by the Ford Foundation   |c Karl Brandt, J. Norman Efferson, Don Paarlberg, chairman 
260 0 0 |a Kuala Lumpur :   |b Jabatan Chetak Kerajaan ,   |c 1963 
300 |a 64 p. ;   |c 25 cm. 
500 0 0 |a Bibliography : [p. 61-63] 
650 0 0 |a Agriculture   |x Economic aspects   |z Malaysia 
650 0 0 |a Agriculture   |z Malaysia 
700 0 1 |a Brandt   |h Karl 
700 0 1 |a Efferson   |h J. Norman 
700 0 1 |a Paarlberg   |h Donald ,   |c 1911- 
998 |a JPSM 
999 |a 0000002530   |b Monograph   |c Open Shelf   |e Default branch 
999 |a 0000002531   |b Monograph   |c Open Shelf   |e Default branch